Let's travel in Greece (Record no. 30185)

MARC details
000 -LEADER
fixed length control field 00265nam a2200109Ia 4500
082 ## - DEWEY DECIMAL CLASSIFICATION NUMBER
Classification number 910.4(495)
Item number GEI
245 #0 - TITLE STATEMENT
Title Let's travel in Greece
260 ## - PUBLICATION, DISTRIBUTION, ETC. (IMPRINT)
Place of publication Chicago
Name of publisher McGraw Hill
700 ## - ADDED ENTRY--PERSONAL NAME
Personal name Geis, Darlene
942 ## - ADDED ENTRY ELEMENTS (KOHA)
Koha item type Books
Holdings
Withdrawn status Lost status Damaged status Not for loan Home library Current library Date acquired Cost, normal purchase price Full call number Accession Number Koha item type
        RRII Library RRII Library 16/12/2021 15.00 910.4(495) GEI 10761 Books